[Event "Vilnius op-A"]
[Site "Vilnius"]
[Date "2025.07.10"]
[Round "6"]
[White "Vedrickas, Vytis"]
[Black "Pouliart, Sander"]
[Result "1-0"]
[WhiteElo "1698"]
[BlackElo "1688"]
[PlyCount "42"]
[EventDate "2025.07.07"]
[EventType "swiss"]
[EventRounds "9"]
[EventCountry "LTU"]
[SourceTitle "CB29_2025"]
[SourceDate "2025.07.16"]
[SourceVersion "1"]
[SourceVersionDate "2025.07.16"]
[SourceQuality "1"]

1. e4 c5 2. Nf3 d6 3. d4 cxd4 4. Nxd4 Nf6 5. Nc3 a6 6. Be2 e6 7. 0-0 Nc6 8. Be3 Be7 9. a4 Qc7 10. f4 0-0 11. Kh1 Rd8 12. Qe1 d5 13. e5 Nxd4 14. Bxd4 Ne4 15. Bd3 f5 16. exf6 Bxf6 17. Bxf6 Nxf6 18. Qh4 h5 19. Rf3 e5 20. fxe5 Qxe5 21. Re1 Qg5 1-0

[Event "Helsingor Xtracon op"]
[Site "Helsingor"]
[Date "2017.07.30"]
[Round "10"]
[White "Pouliart, Sander"]
[Black "Hein, Jacob"]
[Result "0-1"]
[WhiteElo "1236"]
[BlackElo "1479"]
[PlyCount "172"]
[EventDate "2017.07.22"]
[EventType "swiss"]
[EventRounds "10"]
[EventCountry "DEN"]
[SourceTitle "CBM 179 Extra"]
[Source "ChessBase"]
[SourceDate "2017.08.23"]
[SourceVersion "1"]
[SourceVersionDate "2017.08.23"]
[SourceQuality "1"]

1. e4 Nf6 2. e5 Nd5 3. c4 Nb6 4. Nf3 e6 5. Nc3 c6 6. d4 c5 7. d5 d6 8. dxe6 Bxe6 9. b3 d5 10. cxd5 Nxd5 11. Nxd5 Bxd5 12. Bc4 Bxc4 13. Qxd8+ Kxd8 14. bxc4 Nc6 15. Bg5+ Kc7 16. 0-0 h6 17. Bf4 Kd7 18. Rfd1+ Ke6 19. a4 g5 20. Bg3 Be7 21. Rd5 Rhd8 22. Rad1 Nb4 23. Rxd8 Rxd8 24. Rxd8 Bxd8 25. Nd2 Nd3 26. Nb3 b6 27. Kf1 Nb2 28. a5 Nxc4 29. axb6 axb6 30. f4 Be7 31. Ke2 f5 32. exf6 Bxf6 33. fxg5 hxg5 34. Bc7 Kd7 35. Bxb6 Nxb6 36. Nxc5+ Kc6 37. Ne4 Bd8 38. Kf3 Nd5 39. Kg4 Ne3+ 40. Kf3 Nf1 41. h3 Kd5 42. Nxg5 Bxg5 43. Kg4 Bf6 44. Kf5 Be5 45. g4 Ne3+ 46. Kg5 Ke6 47. h4 Bf6+ 48. Kf4 Ng2+ 49. Kg3 Nxh4 50. Kf4 Ng6+ 51. Ke4 Bg5 52. Kf3 Ke5 53. Kg3 Ke4 54. Kf2 Bh4+ 55. Ke2 Nf4+ 56. Kd2 Kf3 57. Kc3 Kxg4 58. Kd4 Kf5 59. Ke3 Ne6 60. Kd3 Bg5 61. Kc4 Ke5 62. Kd3 Nc5+ 63. Kc4 Be3 64. Kb5 Kd5 65. Kb4 Bd2+ 66. Kb5 Nd7 67. Ka4 Kc4 68. Ka3 Nc5 69. Kb2 Kd3 70. Kb1 Kc3 71. Ka2 Bc1 72. Kb1 Ba3 73. Ka2 Bb2 74. Kb1 Ne4 75. Ka2 Nc5 76. Kb1 Ba3 77. Ka2 Bb4 78. Kb1 Nd3 79. Ka1 Kb3 80. Kb1 Ba3 81. Ka1 Nf4 82. Kb1 Nd5 83. Ka1 Ne3 84. Kb1 Nc4 85. Ka1 Bb2+ 86. Kb1 Nd2# 0-1

[Event "Helsingor Xtracon op"]
[Site "Helsingor"]
[Date "2017.07.27"]
[Round "7"]
[White "Aasen, Joakim"]
[Black "Pouliart, Sander"]
[Result "1-0"]
[WhiteElo "1386"]
[BlackElo "1236"]
[PlyCount "41"]
[EventDate "2017.07.22"]
[EventType "swiss"]
[EventRounds "10"]
[EventCountry "DEN"]
[SourceTitle "CBM 179 Extra"]
[Source "ChessBase"]
[SourceDate "2017.08.23"]
[SourceVersion "1"]
[SourceVersionDate "2017.08.23"]
[SourceQuality "1"]

1. e4 c5 2. Nc3 d6 3. g3 Nf6 4. Bg2 Nc6 5. d3 e6 6. Be3 Be7 7. Qd2 Ng4 8. f4 Nxe3 9. Qxe3 0-0 10. Nf3 a6 11. 0-0 b5 12. h3 Bb7 13. g4 f5 14. gxf5 b4 15. Ne2 exf5 16. exf5 Rxf5 17. Qe6+ Rf7 18. Ng5 Bxg5 19. fxg5 Qe7 20. Bd5 Ne5 21. Qxe7 1-0

[Event "Helsingor Xtracon op"]
[Site "Helsingor"]
[Date "2017.07.23"]
[Round "3"]
[White "Pouliart, Sander"]
[Black "Christensen, John Christoffer H"]
[Result "1-0"]
[WhiteElo "1236"]
[BlackElo "1603"]
[PlyCount "47"]
[EventDate "2017.07.22"]
[EventType "swiss"]
[EventRounds "10"]
[EventCountry "DEN"]
[SourceTitle "CBM 179 Extra"]
[Source "ChessBase"]
[SourceDate "2017.08.23"]
[SourceVersion "1"]
[SourceVersionDate "2017.08.23"]
[SourceQuality "1"]

1. c4 e5 2. g3 Bc5 3. Bg2 f5 4. e4 fxe4 5. Qh5+ Kf8 6. Qxe5 d6 7. Qf4+ Nf6 8. Nc3 Kf7 9. Bxe4 Re8 10. Nf3 Nc6 11. 0-0 Kg8 12. Re1 Bd7 13. Bd5+ Kh8 14. Rxe8+ Qxe8 15. d4 Bb6 16. Ng5 Qe1+ 17. Kg2 Nxd5 18. Nxd5 Nxd4 19. Be3 Qxa1 20. Nxb6 axb6 21. Bxd4 Bc6+ 22. Kh3 Qf1+ 23. Kh4 h6 24. Bxg7+ 1-0